000
00286nam a2200145Ia 4500
100
_a
Matthews/Andrews
942
_c
BK
366
_f
27
654
_a
happy
245
_a
Being Happy
260
_b
Embassy Books
_c
2015
082
_b
MAT
546
_a
ENGLISH
_c
Computers
999
_c
28314
_d
28314